000 00510 a2200097 4500
245 0 0 _aPrzewody elektryczne. Metody badań - Sprawdzenie wzdłużania trwałego w podwyższonej temperaturze izolacji, powłoki lub osłony z materiału usieciowanego PN-87/E-04160.32 /
_cOśrodek BadawczoRozwojowy Przemysłu Kablowego ENERGOKABEL.
246 1 3 _aPN-87/E-04160.32
246 1 3 _a621.315.3.001.4
260 _aWarszawa :
_bOśrodek BadawczoRozwojowy Przemysłu Kablowego ENERGOKABEL,
_c1987.
300 _a2 stron ;
_c30 cm.
650 _aPolska norma
999 _c20115
_d20115